000 00403nam a2200181Ia 4500
005 20240823062411.0
008 240823s9999||||xx |||||||||||||| ||und||
041 _aENGLISH
082 _A547 N4
100 _aFinar I L
245 0 _aOrganic Chemistry
250 _a6th
260 _c1994
_b"ELBS,London"
500 _aTRANSFERED
650 _aOrganic
_bChemistry
942 _cBK
999 _c235788
_d235788